| 000 | 006130000a22001810004500 | ||
|---|---|---|---|
| 003 | MACL | ||
| 005 | 20160518114951.0 | ||
| 008 | 160518b xxu||||| |||| 00| 0 eng d | ||
| 040 |
_aMACL _cMACL |
||
| 041 | _aHindi | ||
| 082 | _a891.433 SHR | ||
| 100 |
_aश्रीवास्तव, इकबाल बहादुी _957823 |
||
| 245 |
_aऐसे भी लोग _cइकबाल बहादुर श्रीवास्तव |
||
| 260 |
_bसंभावना प्रकाशन _c2003 _aहापुड |
||
| 350 | _a150 | ||
| 650 |
_aStories _957824 |
||
| 942 |
_cHIN _k800/SHR/S _2ddc |
||
| 999 |
_c18899 _d18899 |
||